[Event "20. Open Ciutat de Montcada 2010"]
[Site "Montcada i Reixac ESP"]
[Date "2012.06.28"]
[Round "4.5"]
[White "Cordova, Emilio"]
[Black "Panelo, Marcelo"]
[Result "1-0"]
[WhiteElo "2566"]
[BlackElo "2451"]
[PlyCount "55"]
[EventDate "2012.06.25"]
[EventType "swiss"]
[EventRounds "9"]
[EventCountry "ESP"]
[Source "lmi"]
[SourceDate "2012.06.25"]

1. d4 Nf6 2. Nf3 d5 3. c4 e6 4. e3 Be7 5. Bd3 O-O 6. O-O b6 7. Qe2 Bb7 8. b3 c5
9. Bb2 cxd4 10. exd4 Nc6 11. Nbd2 Re8 12. Rac1 Rc8 13. Rfd1 Bf8 14. h3 g6 15.
Nf1 Bh6 16. Ne3 Nh5 17. Qe1 Bg7 18. Qd2 dxc4 19. Bxc4 Na5 20. d5 exd5 21. Bb5
Rxc1 22. Qxc1 Re6 23. Bxg7 Kxg7 24. Nd4 Rd6 25. b4 a6 26. Be2 Nf4 27. Nef5+
gxf5 28. Qxf4 1-0

[Event "20. Open Ciutat de Montcada 2010"]
[Site "Montcada i Reixac ESP"]
[Date "2012.06.28"]
[Round "4.7"]
[White "Cruz, Cristhian"]
[Black "Fernandez Cardoso, Alexey"]
[Result "1/2-1/2"]
[WhiteElo "2507"]
[BlackElo "2437"]
[PlyCount "78"]
[EventDate "2012.06.25"]
[EventType "swiss"]
[EventRounds "9"]
[EventCountry "ESP"]
[Source "lmi"]
[SourceDate "2012.06.25"]

1. d4 d5 2. c4 c6 3. Nf3 Nf6 4. Nc3 e6 5. Bg5 h6 6. Bxf6 Qxf6 7. e3 Nd7 8. Bd3
dxc4 9. Bxc4 g6 10. O-O Qe7 11. e4 Bg7 12. e5 O-O 13. Qe2 Rd8 14. Rad1 a6 15.
Rfe1 b6 16. h4 Bb7 17. Bb3 b5 18. h5 gxh5 19. Bc2 c5 20. d5 exd5 21. Nxd5 Bxd5
22. Rxd5 Nf8 23. Rxd8 Rxd8 24. g3 Ne6 25. Bf5 c4 26. Kg2 Qb7 27. Be4 Qc7 28.
Rh1 Ng5 29. Rxh5 Nxf3 30. Qxf3 Re8 31. Bb1 b4 32. Qe4 c3 33. bxc3 bxc3 34. Bc2
Qb8 35. Rxh6 Qxe5 36. Qxe5 Bxe5 37. Rxa6 Rd8 38. Ra5 Bf6 39. Bb3 Rc8 1/2-1/2

[Event "20. Open Ciutat de Montcada 2010"]
[Site "Montcada i Reixac ESP"]
[Date "2012.06.28"]
[Round "4.8"]
[White "Munoz Pantoja, Miguel"]
[Black "Saptarshi, Roy"]
[Result "1/2-1/2"]
[WhiteElo "2484"]
[BlackElo "2394"]
[PlyCount "35"]
[EventDate "2012.06.25"]
[EventType "swiss"]
[EventRounds "9"]
[EventCountry "ESP"]
[Source "lmi"]
[SourceDate "2012.06.25"]

1. e4 c5 2. Nf3 a6 3. c4 e6 4. d4 cxd4 5. Nxd4 Nf6 6. Nc3 Qc7 7. Nc2 Nc6 8. f4
d6 9. Be3 Be7 10. Be2 b6 11. Bf3 Bb7 12. Rc1 O-O 13. Nd4 Nxd4 14. Bxd4 Nd7 15.
O-O Rac8 16. Qd2 Rfe8 17. b3 Qb8 18. Qf2 1/2-1/2

[Event "20. Open Ciutat de Montcada 2010"]
[Site "Montcada i Reixac ESP"]
[Date "2012.06.28"]
[Round "4.9"]
[White "Navarro Ortiz De Orruno, Borja"]
[Black "Bakre, Tejas"]
[Result "1/2-1/2"]
[WhiteElo "2348"]
[BlackElo "2482"]
[PlyCount "22"]
[EventDate "2012.06.25"]
[EventType "swiss"]
[EventRounds "9"]
[EventCountry "ESP"]
[Source "lmi"]
[SourceDate "2012.06.25"]

1. d4 Nf6 2. Nf3 d5 3. c4 e6 4. Nc3 Bb4 5. Qa4+ Nc6 6. e3 O-O 7. Bd2 a6 8. a3
Bxc3 9. Bxc3 Ne4 10. Qc2 Nxc3 11. Qxc3 Qd6 1/2-1/2

[Event "20. Open Ciutat de Montcada 2010"]
[Site "Montcada i Reixac ESP"]
[Date "2012.06.28"]
[Round "4.10"]
[White "Vehi Bach, Victor Manuel"]
[Black "Cornette, Matthieu"]
[Result "0-1"]
[WhiteElo "2359"]
[BlackElo "2552"]
[PlyCount "46"]
[EventDate "2012.06.25"]
[EventType "swiss"]
[EventRounds "9"]
[EventCountry "ESP"]
[Source "lmi"]
[SourceDate "2012.06.25"]

1. e4 d5 2. exd5 Qxd5 3. Nc3 Qa5 4. d4 Nf6 5. Bc4 Bg4 6. f3 Bf5 7. Nge2 Nbd7 8.
O-O e6 9. a3 c6 10. Ng3 Bg6 11. Qe2 Qc7 12. f4 O-O-O 13. Be3 Bd6 14. b4 Nb6 15.
Bb3 h5 16. Na4 Nxa4 17. Bxa4 h4 18. Nh1 Bh5 19. Qd2 g5 20. c4 Ne4 21. Qc1 gxf4
22. Bxf4 Bxf4 23. Rxf4 Nc3 0-1

[Event "20. Open Ciutat de Montcada 2010"]
[Site "Montcada i Reixac ESP"]
[Date "2012.06.28"]
[Round "4.11"]
[White "Barbero Sendic, Alejandro"]
[Black "Del Rio De Angelis, Salvador G"]
[Result "1/2-1/2"]
[WhiteElo "2350"]
[BlackElo "2542"]
[PlyCount "44"]
[EventDate "2012.06.25"]
[EventType "swiss"]
[EventRounds "9"]
[EventCountry "ESP"]
[Source "lmi"]
[SourceDate "2012.06.25"]

1. e4 d6 2. d4 Nf6 3. Nc3 g6 4. f4 Bg7 5. Nf3 O-O 6. e5 dxe5 7. fxe5 Nd5 8. Bc4
Nb6 9. Bb3 c5 10. dxc5 Qxd1+ 11. Kxd1 N6d7 12. e6 Nxc5 13. exf7+ Kh8 14. Bc4
Bg4 15. Be3 Nbd7 16. Ke2 e6 17. h3 Bxf3+ 18. gxf3 Rxf7 19. h4 Ne5 20. Bb3 Nxb3
21. axb3 Nxf3 22. Rxa7 Rxa7 1/2-1/2

[Event "20. Open Ciutat de Montcada 2010"]
[Site "Montcada i Reixac ESP"]
[Date "2012.06.28"]
[Round "4.12"]
[White "Rodriguez, Eric"]
[Black "Lopez Martinez, Josep Manuel"]
[Result "0-1"]
[WhiteElo "2311"]
[BlackElo "2506"]
[PlyCount "58"]
[EventDate "2012.06.25"]
[EventType "swiss"]
[EventRounds "9"]
[EventCountry "ESP"]
[Source "lmi"]
[SourceDate "2012.06.25"]

1. e4 c5 2. c3 d5 3. exd5 Qxd5 4. d4 e6 5. Nf3 Nf6 6. Bd3 cxd4 7. cxd4 Bb4+ 8.
Nc3 O-O 9. O-O Qa5 10. Bg5 Nbd7 11. Rc1 Bxc3 12. bxc3 b6 13. Re1 h6 14. Bh4 Bb7
15. Ne5 Qd5 16. f3 Qd6 17. Bg3 Qe7 18. Bh4 Rac8 19. Nxd7 Qxd7 20. Bxf6 gxf6 21.
Qd2 Kg7 22. Re4 Bxe4 23. fxe4 Rh8 24. Ba6 Rc5 25. h4 Ra5 26. Bc4 Qc7 27. Be2
Qg3 28. Rf1 Qxh4 29. Rf4 Rxa2 0-1

[Event "20. Open Ciutat de Montcada 2010"]
[Site "Montcada i Reixac ESP"]
[Date "2012.06.28"]
[Round "4.13"]
[White "Martinez Ramirez, Erik"]
[Black "Herraiz Hidalgo, Herminio"]
[Result "0-1"]
[WhiteElo "2296"]
[BlackElo "2489"]
[PlyCount "130"]
[EventDate "2012.06.25"]
[EventType "swiss"]
[EventRounds "9"]
[EventCountry "ESP"]
[Source "lmi"]
[SourceDate "2012.06.25"]

1. e4 e6 2. d3 d5 3. Qe2 Nf6 4. Nf3 Be7 5. e5 Nfd7 6. g3 c5 7. c4 Nc6 8. Bg2
O-O 9. O-O a6 10. h4 b5 11. b3 Ndxe5 12. Nxe5 Nxe5 13. Bb2 Nc6 14. Qh5 g6 15.
Qf3 Bb7 16. cxd5 Nd4 17. Bxd4 Bxd5 18. Qf4 Bxg2 19. Kxg2 Qd5+ 20. Kg1 Qxd4 21.
Qxd4 cxd4 22. Nd2 Rac8 23. Rfd1 Ba3 24. Nf3 Rfd8 25. Rd2 Rc3 26. Kg2 h5 27. Re1
Bc1 28. Rdd1 Bh6 29. Re2 Rd5 30. Ng1 e5 31. Nh3 Rdc5 32. f4 exf4 33. Nxf4 Bxf4
34. gxf4 Rc2 35. Rdd2 Rxd2 36. Rxd2 Rc1 37. Kf3 Re1 38. f5 Rf1+ 39. Ke4 Rxf5
40. Kxd4 g5 41. hxg5 Rxg5 42. Ke4 h4 43. Kf4 Rg6 44. Rh2 Rh6 45. d4 Kg7 46. d5
Kf6 47. Re2 Rh5 48. Kg4 Rxd5 49. Kxh4 Re5 50. Rc2 Re6 51. Kg4 Ke5 52. Kf3 Kd4
53. Rc7 Re3+ 54. Kf2 Rc3 55. Rxf7 Rc2+ 56. Ke1 Rxa2 57. Rf3 Kc5 58. Kd1 Kb4 59.
Kc1 Ka3 60. Rh3 Rg2 61. Rf3 b4 62. Rh3 a5 63. Rf3 Ka2 64. Rf5 a4 65. Rb5 Kxb3
0-1

[Event "20. Open Ciutat de Montcada 2010"]
[Site "Montcada i Reixac ESP"]
[Date "2012.06.28"]
[Round "4.14"]
[White "Cori, Jorge"]
[Black "Fenollar Jorda, Manuel"]
[Result "1-0"]
[WhiteElo "2479"]
[BlackElo "2354"]
[PlyCount "69"]
[EventDate "2012.06.25"]
[EventType "swiss"]
[EventRounds "9"]
[EventCountry "ESP"]
[Source "lmi"]
[SourceDate "2012.06.25"]

1. d4 d5 2. c4 e6 3. Nf3 Nf6 4. g3 dxc4 5. Bg2 b5 6. Ne5 Nd5 7. a4 c6 8. O-O
Bb7 9. e4 Nf6 10. Nc3 a6 11. d5 Qb6 12. Bg5 Be7 13. d6 Bd8 14. Be3 c5 15. f4
Nbd7 16. a5 Qa7 17. Nxd7 Nxd7 18. Qe2 Rc8 19. e5 Bxg2 20. Qxg2 Qa8 21. Ne4 O-O
22. g4 f6 23. g5 f5 24. Ng3 Qxg2+ 25. Kxg2 Kf7 26. h4 Ke8 27. Nh5 Rg8 28. Rfd1
Rc6 29. Kf3 Nb8 30. Rg1 Kd7 31. Nf6+ gxf6 32. gxf6 Rxg1 33. Rxg1 Bxf6 34. exf6
Kxd6 35. Rd1+ 1-0

[Event "20. Open Ciutat de Montcada 2010"]
[Site "Montcada i Reixac ESP"]
[Date "2012.06.28"]
[Round "4.15"]
[White "Gonzalez Perez, Arian"]
[Black "Gomez Jurado, Luis Alberto"]
[Result "1-0"]
[WhiteElo "2453"]
[BlackElo "2270"]
[PlyCount "67"]
[EventDate "2012.06.25"]
[EventType "swiss"]
[EventRounds "9"]
[EventCountry "ESP"]
[Source "lmi"]
[SourceDate "2012.06.25"]

1. e4 c6 2. d4 d5 3. e5 Bf5 4. Nc3 e6 5. g4 Bg6 6. Nge2 c5 7. Be3 Nc6 8. dxc5
h5 9. Nd4 hxg4 10. Bb5 Rc8 11. Qxg4 Nh6 12. Qh3 Rh7 13. Nxe6 Qd7 14. Rg1 Nf5
15. Nxf8 Kxf8 16. Qg2 d4 17. O-O-O Qe6 18. Bxc6 dxc3 19. Bd5 Qxe5 20. Rge1 Rxh2
21. Qg5 Rh5 22. Qg4 Rh4 23. Qg5 Rh5 24. Qg4 Rh4 25. Qf3 cxb2+ 26. Kb1 Bh5 27.
c6 Nxe3 28. cxb7 Rxc2 29. Qxe3 Rc1+ 30. Rxc1 bxc1=Q+ 31. Kxc1 Qc7+ 32. Kb1 Rb4+
33. Ka1 g6 34. Qh6+ 1-0

[Event "20. Open Ciutat de Montcada 2010"]
[Site "Montcada i Reixac ESP"]
[Date "2012.06.28"]
[Round "4.16"]
[White "Guerra Mendez, Jose Angel"]
[Black "Daulyte, Deimante"]
[Result "1-0"]
[WhiteElo "2434"]
[BlackElo "2244"]
[PlyCount "97"]
[EventDate "2012.06.25"]
[EventType "swiss"]
[EventRounds "9"]
[EventCountry "ESP"]
[Source "lmi"]
[SourceDate "2012.06.25"]

1. e4 c5 2. Nf3 d6 3. d4 cxd4 4. Nxd4 Nf6 5. Nc3 g6 6. g3 Bg7 7. Bg2 O-O 8. O-O
Nc6 9. Nb3 Bg4 10. f3 Be6 11. Re1 a5 12. Be3 d5 13. Na4 dxe4 14. fxe4 Bxb3 15.
axb3 Nd7 16. Qd5 Qc7 17. c3 Rfd8 18. Qb5 Na7 19. Qc4 Qxc4 20. bxc4 Nc6 21. Red1
Rab8 22. Nb6 Nde5 23. Bf1 e6 24. Be2 h6 25. c5 Rxd1+ 26. Rxd1 Rd8 27. Rxd8+
Nxd8 28. Nc4 Nxc4 29. Bxc4 Nc6 30. Kf1 Kf8 31. Ke2 Ke7 32. Bb5 f5 33. exf5 gxf5
34. Ba4 h5 35. Bd1 Bf6 36. h4 Ne5 37. b4 Nc4 38. Bg5 Bxg5 39. hxg5 axb4 40.
cxb4 Kf7 41. Bb3 Ne5 42. b5 Ke7 43. Ke3 Ng6 44. Bd1 h4 45. gxh4 Nxh4 46. Bf3
Ng6 47. Bxb7 e5 48. Bc8 Nf4 49. Bxf5 1-0

[Event "20. Open Ciutat de Montcada 2010"]
[Site "Montcada i Reixac ESP"]
[Date "2012.06.28"]
[Round "4.20"]
[White "Palit, Somak"]
[Black "Wilschut, Peter"]
[Result "1-0"]
[WhiteElo "2393"]
[BlackElo "2233"]
[PlyCount "139"]
[EventDate "2012.06.25"]
[EventType "swiss"]
[EventRounds "9"]
[EventCountry "ESP"]
[Source "lmi"]
[SourceDate "2012.06.25"]

1. e4 e6 2. Qe2 Be7 3. g3 d5 4. Bg2 Nf6 5. e5 Nfd7 6. Nf3 c5 7. d3 Nc6 8. c3 b5
9. h4 c4 10. d4 b4 11. Ng5 h6 12. Nh3 bxc3 13. bxc3 Nb6 14. Qg4 Bf8 15. Nf4 g6
16. Ba3 h5 17. Qd1 Ne7 18. Nd2 Bd7 19. Nf3 Nf5 20. Bxf8 Kxf8 21. Bh3 Na4 22.
Bxf5 gxf5 23. Rc1 Nb2 24. Qd2 Rb8 25. O-O Na4 26. Rb1 Rb6 27. Qc2 Qe7 28. Rxb6
axb6 29. Rb1 b5 30. Rb4 Ke8 31. Nd2 Kd8 32. Nb1 Rg8 33. Kf1 Rg4 34. Nxh5 f4 35.
Nxf4 Rxf4 36. gxf4 Qxh4 37. Rxa4 bxa4 38. Nd2 Qxf4 39. Ke1 Qh4 40. Qb1 Qh1+ 41.
Nf1 Kc7 42. Qc2 Qf3 43. Qb2 Be8 44. Qb4 f6 45. Qd6+ Kc8 46. Qxe6+ Bd7 47. Qa6+
Kb8 48. Qb6+ Kc8 49. Ne3 Qe4 50. Qc5+ Kb8 51. Qd6+ Kc8 52. Qxd5 Qb1+ 53. Ke2
Bg4+ 54. f3 Qxa2+ 55. Ke1 Qa1+ 56. Kf2 Qb2+ 57. Kg3 a3 58. Nxc4 Qc1 59. Kxg4
Qg1+ 60. Kf5 Qg5+ 61. Ke4 Qg6+ 62. Ke3 Qg3 63. Ke2 Qg2+ 64. Kd3 Qg6+ 65. Kd2
Qg2+ 66. Kc1 Qg5+ 67. Kc2 Qg6+ 68. Kb3 Qg1 69. Kxa3 Qa1+ 70. Kb4 1-0

[Event "20. Open Ciutat de Montcada 2010"]
[Site "Montcada i Reixac ESP"]
[Date "2012.06.29"]
[Round "5.4"]
[White "Burmakin, Vladimir"]
[Black "Cornette, Matthieu"]
[Result "1/2-1/2"]
[WhiteElo "2586"]
[BlackElo "2552"]
[PlyCount "40"]
[EventDate "2012.06.25"]
[EventType "swiss"]
[EventRounds "9"]
[EventCountry "ESP"]
[Source "lmi"]
[SourceDate "2012.06.25"]

1. d4 Nf6 2. Nf3 d5 3. c4 e6 4. g3 dxc4 5. Qa4+ Nbd7 6. Bg2 a6 7. Nc3 c5 8. O-O
Rb8 9. Qxc4 b5 10. Qd3 Bb7 11. Bg5 cxd4 12. Nxd4 Ne5 13. Qd1 Bxg2 14. Kxg2 Rc8
15. Nf3 Nxf3 16. Qxd8+ Rxd8 17. Kxf3 Be7 18. Rfd1 Nd7 19. Bf4 g5 20. Be3 O-O
1/2-1/2

[Event "20. Open Ciutat de Montcada 2010"]
[Site "Montcada i Reixac ESP"]
[Date "2012.06.29"]
[Round "5.5"]
[White "Lorenzo De La Riva, Lazaro"]
[Black "Aroshidze, Levan"]
[Result "1-0"]
[WhiteElo "2422"]
[BlackElo "2582"]
[PlyCount "48"]
[EventDate "2012.06.25"]
[EventType "swiss"]
[EventRounds "9"]
[EventCountry "ESP"]
[Source "lmi"]
[SourceDate "2012.06.25"]

1. e4 c5 2. Nf3 e6 3. c3 Nc6 4. d3 d5 5. Qe2 Nge7 6. g3 g6 7. Bg2 Bg7 8. h4 h6
9. O-O O-O 10. e5 f6 11. Bf4 fxe5 12. Bxe5 Nxe5 13. Nxe5 Rf5 14. f4 g5 15. Nd2
gxf4 16. gxf4 Nc6 17. Bh3 Rf6 18. Qh5 Qf8 19. Ng4 Rf5 20. Nxh6+ Bxh6 21. Bxf5
exf5 22. Kh2 Bg7 23. Rg1 Be6 24. Qh6 Bc8 1-0

[Event "20. Open Ciutat de Montcada 2010"]
[Site "Montcada i Reixac ESP"]
[Date "2012.06.29"]
[Round "5.6"]
[White "Aloma Vidal, Robert"]
[Black "Margvelashvili, Giorgi"]
[Result "0-1"]
[WhiteElo "2402"]
[BlackElo "2552"]
[PlyCount "96"]
[EventDate "2012.06.25"]
[EventType "swiss"]
[EventRounds "9"]
[EventCountry "ESP"]
[Source "lmi"]
[SourceDate "2012.06.25"]

1. d4 Nf6 2. Nf3 d6 3. c4 g6 4. Nc3 Bg7 5. e4 O-O 6. h3 e5 7. d5 Nh5 8. g3 a5
9. Be2 Na6 10. Nd2 Nf6 11. h4 Nc5 12. h5 c6 13. g4 a4 14. f3 Qa5 15. Rb1 Bd7
16. Kf1 Rfc8 17. Kg2 cxd5 18. cxd5 b5 19. a3 Rc7 20. Qg1 Rac8 21. Qh2 Na6 22.
Nf1 Be8 23. Ng3 Kf8 24. Bh6 b4 25. axb4 Nxb4 26. Bxg7+ Kxg7 27. Qh4 Ng8 28.
hxg6 fxg6 29. Qxh7+ Kf8 30. Qh8 Nc2 31. Rh7 a3 32. Rbh1 Rxh7 33. Rxh7 Rc7 34.
Rxc7 Qxc7 35. Qh1 axb2 36. Nb1 Ne3+ 37. Kf2 Qc5 38. Ke1 Ba4 39. Kd2 Qd4+ 40.
Ke1 Qc5 41. Bd3 Bc2 42. Ke2 Bd1+ 43. Ke1 Qc1 44. Kf2 Nc2 45. Nf1 Nb4 46. Bb5
Qxb1 47. Qh4 Qc2+ 48. Kg3 Qc7 0-1

[Event "20. Open Ciutat de Montcada 2010"]
[Site "Montcada i Reixac ESP"]
[Date "2012.06.29"]
[Round "5.7"]
[White "Saptarshi, Roy"]
[Black "Cruz, Cristhian"]
[Result "1-0"]
[WhiteElo "2394"]
[BlackElo "2507"]
[PlyCount "63"]
[EventDate "2012.06.25"]
[EventType "swiss"]
[EventRounds "9"]
[EventCountry "ESP"]
[Source "lmi"]
[SourceDate "2012.06.25"]

1. e4 e6 2. d4 d5 3. Nc3 Nf6 4. Bg5 Bb4 5. Nge2 Nc6 6. a3 Be7 7. Bxf6 Bxf6 8.
e5 Be7 9. Nf4 O-O 10. Bb5 f6 11. Bxc6 bxc6 12. Nd3 Ba6 13. Qg4 f5 14. Qf3 Rb8
15. Na4 Bxd3 16. Qxd3 c5 17. dxc5 c6 18. b4 f4 19. Qd4 Qe8 20. c4 Qg6 21. cxd5
Qxg2 22. O-O-O exd5 23. Nc3 Qh3 24. Rd3 Qe6 25. f3 Rf5 26. Re1 Bf6 27. Nxd5
cxd5 28. Qxd5 Qxd5 29. Rxd5 Re8 30. c6 Rfxe5 31. Rexe5 Rxe5 32. c7 1-0

[Event "20. Open Ciutat de Montcada 2010"]
[Site "Montcada i Reixac ESP"]
[Date "2012.06.29"]
[Round "5.8"]
[White "Lopez Martinez, Josep Manuel"]
[Black "Guerra Mendez, Jose Angel"]
[Result "1-0"]
[WhiteElo "2506"]
[BlackElo "2434"]
[PlyCount "69"]
[EventDate "2012.06.25"]
[EventType "swiss"]
[EventRounds "9"]
[EventCountry "ESP"]
[Source "lmi"]
[SourceDate "2012.06.25"]

1. e4 c5 2. Nf3 d6 3. d4 cxd4 4. Nxd4 Nf6 5. Nc3 a6 6. Be3 e5 7. Nb3 Be6 8. f3
h5 9. Qd2 Nbd7 10. Nd5 Bxd5 11. exd5 g6 12. Be2 Qc7 13. c4 b6 14. O-O-O Bg7 15.
Kb1 Nc5 16. Na1 O-O 17. Nc2 Rfe8 18. h3 Rac8 19. Rc1 a5 20. g4 e4 21. f4 Nd3
22. Nd4 Nxc1 23. Rxc1 hxg4 24. hxg4 Nd7 25. Nb5 Qb8 26. Rh1 Rc5 27. Nc3 Qc8 28.
b3 Nf6 29. f5 gxf5 30. Bh6 e3 31. Bxg7 Kxg7 32. Qd4 Rh8 33. Rg1 Qd8 34. g5 Kf8
35. Rf1 1-0

[Event "20. Open Ciutat de Montcada 2010"]
[Site "Montcada i Reixac ESP"]
[Date "2012.06.29"]
[Round "5.9"]
[White "Herraiz Hidalgo, Herminio"]
[Black "Pardo Simon, David"]
[Result "1/2-1/2"]
[WhiteElo "2489"]
[BlackElo "2421"]
[PlyCount "31"]
[EventDate "2012.06.25"]
[EventType "swiss"]
[EventRounds "9"]
[EventCountry "ESP"]
[Source "lmi"]
[SourceDate "2012.06.25"]

1. d4 d5 2. c4 dxc4 3. e3 c5 4. Bxc4 cxd4 5. Nf3 Qc7 6. Bb3 dxe3 7. Bxe3 Nf6 8.
Nc3 e6 9. O-O Nc6 10. Nb5 Qa5 11. Nd6+ Bxd6 12. Qxd6 Ne4 13. Qf4 Nf6 14. Qd6
Ne4 15. Qf4 Nf6 16. Qd6 1/2-1/2

[Event "20. Open Ciutat de Montcada 2010"]
[Site "Montcada i Reixac ESP"]
[Date "2012.06.29"]
[Round "5.11"]
[White "Bakre, Tejas"]
[Black "Palit, Somak"]
[Result "1/2-1/2"]
[WhiteElo "2482"]
[BlackElo "2393"]
[PlyCount "98"]
[EventDate "2012.06.25"]
[EventType "swiss"]
[EventRounds "9"]
[EventCountry "ESP"]
[Source "lmi"]
[SourceDate "2012.06.25"]

1. c4 Nf6 2. g3 c6 3. Bg2 d5 4. Nf3 g6 5. O-O Bg7 6. b3 Ne4 7. d4 O-O 8. Bb2
Nd7 9. Nbd2 Ndf6 10. Nxe4 Nxe4 11. Nd2 Nxd2 12. Qxd2 Bf5 13. cxd5 cxd5 14. Rfc1
e6 15. Rc5 Rc8 16. Rxc8 Qxc8 17. Rc1 Qb8 18. Qc3 Rd8 19. e3 Bf8 20. f3 g5 21.
e4 Bg6 22. e5 Rd7 23. Bf1 a6 24. Qc8 Qxc8 25. Rxc8 Kg7 26. Kf2 Be7 27. Bh3 Bb1
28. a3 Ba2 29. b4 Bc4 30. Bc1 Bb5 31. Bf1 Bxf1 32. Kxf1 f6 33. f4 fxe5 34. fxe5
g4 35. Ke2 Kf7 36. Kd3 Bd8 37. Bd2 Kg6 38. a4 Kf7 39. b5 axb5 40. axb5 Kg6 41.
Bb4 Kf5 42. Bd6 Kg6 43. b6 Bxb6 44. Re8 Kf7 45. Rf8+ Kg7 46. Re8 Rf7 47. Rxe6
Rf3+ 48. Ke2 Bxd4 49. Re8 Re3+ 1/2-1/2

[Event "20. Open Ciutat de Montcada 2010"]
[Site "Montcada i Reixac ESP"]
[Date "2012.06.29"]
[Round "5.12"]
[White "Cori T, Deysi"]
[Black "Cori, Jorge"]
[Result "1-0"]
[WhiteElo "2386"]
[BlackElo "2479"]
[PlyCount "113"]
[EventDate "2012.06.25"]
[EventType "swiss"]
[EventRounds "9"]
[EventCountry "ESP"]
[Source "lmi"]
[SourceDate "2012.06.25"]

1. Nf3 f5 2. d4 Nf6 3. Bg5 g6 4. Qc1 h6 5. Bxf6 exf6 6. Nh4 Kf7 7. e3 d5 8. Bd3
Nc6 9. g4 Nb4 10. Qd1 Nxd3+ 11. Qxd3 Rb8 12. gxf5 g5 13. Ng6 Qd7 14. Nxf8 Rxf8
15. h4 g4 16. Nc3 Qxf5 17. Qe2 Bd7 18. O-O-O Rbe8 19. Rdg1 Rg8 20. Rg3 h5 21.
Rf1 Qe6 22. Rfg1 f5 23. Qd2 c6 24. Ne2 Qf6 25. Rh1 b6 26. Nf4 Rh8 27. Nd3 Bc8
28. f3 Ba6 29. Nf4 Re7 30. Rh2 Ke8 31. fxg4 fxg4 32. Rg1 Rh6 33. a4 Kd7 34. a5
Kc7 35. Qc3 Kb7 36. axb6 axb6 37. Kd2 Re4 38. Rhh1 c5 39. Ra1 cxd4 40. Qa3 b5
41. Nd3 dxe3+ 42. Kc1 Kc8 43. Qc5+ Qc6 44. Rf1 e2 45. Rf8+ Kd7 46. Qa7+ Bb7 47.
Kd2 Qb6 48. Rf7+ Kc8 49. Rf8+ Kd7 50. Rf7+ Kc8 51. Qa8+ Bxa8 52. Rxa8+ Qb8 53.
Rf8+ Kc7 54. Raxb8 Rhe6 55. Rfc8+ Kd6 56. Rb6+ Kd7 57. Rxe6 1-0

[Event "20. Open Ciutat de Montcada 2010"]
[Site "Montcada i Reixac ESP"]
[Date "2012.06.29"]
[Round "5.13"]
[White "Ratsma, Midas"]
[Black "Gonzalez Perez, Arian"]
[Result "1/2-1/2"]
[WhiteElo "1940"]
[BlackElo "2453"]
[PlyCount "159"]
[EventDate "2012.06.25"]
[EventType "swiss"]
[EventRounds "9"]
[EventCountry "ESP"]
[Source "lmi"]
[SourceDate "2012.06.25"]

1. d4 Nf6 2. Nf3 e6 3. g3 b5 4. Bg2 Bb7 5. O-O Be7 6. Nbd2 O-O 7. a3 c5 8. dxc5
Bxc5 9. b4 Be7 10. c4 d5 11. cxb5 Qb6 12. Bb2 Qxb5 13. Rc1 Nbd7 14. Nb3 Rac8
15. Nfd4 Qb6 16. Qd2 Ng4 17. Nf3 Rxc1 18. Nxc1 Bf6 19. Nd3 Ba6 20. Bxf6 Ngxf6
21. Nfe5 Bb5 22. Rc1 Nxe5 23. Nxe5 Qa6 24. Qb2 Ne4 25. a4 Bxa4 26. Ra1 Rc8 27.
Bxe4 dxe4 28. Qa2 Qb5 29. Nxf7 Kxf7 30. Qxa4 Qxa4 31. Rxa4 Rc7 32. Kg2 Kf6 33.
b5 Rb7 34. Ra5 Rc7 35. g4 h6 36. h4 Rc5 37. Kg3 Rc2 38. e3 Rb2 39. h5 g6 40.
hxg6 Kxg6 41. Rxa7 Rxb5 42. Ra4 h5 43. Rxe4 Kf6 44. Rf4+ Ke7 45. Kf3 hxg4+ 46.
Rxg4 Rb2 47. Ra4 Kf6 48. Kg3 Kf5 49. f3 Rb1 50. Ra5+ Kf6 51. e4 Rh1 52. Kg4
Rg1+ 53. Kf4 Rb1 54. Ra7 Rb4 55. Ra5 Rc4 56. Rh5 Ra4 57. Kg4 Rb4 58. Rh1 Ra4
59. Re1 Rb4 60. f4 Rb2 61. Re3 Rb1 62. Ra3 Rg1+ 63. Rg3 Ra1 64. e5+ Kg6 65.
Kf3+ Kf7 66. Rg2 Ra3+ 67. Kg4 Kg6 68. Rd2 Ra1 69. Rd7 Rg1+ 70. Kf3 Rf1+ 71. Ke3
Re1+ 72. Kf2 Ra1 73. Re7 Kf5 74. Rf7+ Ke4 75. Kg3 Rg1+ 76. Kh4 Rg2 77. Kh5 Rg1
78. Rf8 Rg2 79. f5 Kxe5 80. fxe6 1/2-1/2

[Event "20. Open Ciutat de Montcada 2010"]
[Site "Montcada i Reixac ESP"]
[Date "2012.06.29"]
[Round "5.14"]
[White "Fernandez Cardoso, Alexey"]
[Black "Navarro Ortiz De Orruno, Borja"]
[Result "1/2-1/2"]
[WhiteElo "2437"]
[BlackElo "2348"]
[PlyCount "154"]
[EventDate "2012.06.25"]
[EventType "swiss"]
[EventRounds "9"]
[EventCountry "ESP"]
[Source "lmi"]
[SourceDate "2012.06.25"]

1. e4 e6 2. d4 d5 3. Nd2 a6 4. Ngf3 c5 5. exd5 exd5 6. Be2 c4 7. O-O Bd6 8. Re1
Ne7 9. b3 b5 10. a4 Bb7 11. bxc4 bxc4 12. Bxc4 dxc4 13. Nxc4 Bb4 14. c3 Bd5 15.
Qb3 Bxc4 16. Qxb4 Bd5 17. c4 Nbc6 18. Qc5 Bxf3 19. d5 Rc8 20. Ba3 Ne5 21. Rxe5
Rxc5 22. Bxc5 O-O 23. Bxe7 Qb8 24. Rae1 f6 25. R5e3 Rc8 26. gxf3 Rxc4 27. Bxf6
Qf4 28. Be5 Qf5 29. d6 Rb4 30. Bg3 Rb1 31. Re8+ Kf7 32. R8e7+ Kf8 33. Rxb1
Qxb1+ 34. Kg2 g5 35. Re5 g4 36. d7 gxf3+ 37. Kh3 Qf1+ 38. Kg4 Qc4+ 39. Bf4 h5+
40. Kg3 h4+ 41. Kg4 Qg8+ 42. Bg5 Qc4+ 43. Kh3 Qf1+ 44. Kxh4 Qxf2+ 45. Kg4 Qd4+
46. Kxf3 Qxd7 47. a5 Qh3+ 48. Ke4 Qxh2 49. Kd5 Qc2 50. Kd6 Qc4 51. Rc5 Qd4+ 52.
Kc6 Qb4 53. Bd8 Ke8 54. Bb6 Qe4+ 55. Kc7 Ke7 56. Kb8 Kd7 57. Rc7+ Kd6 58. Rc8
Kd7 59. Rc7+ Kd6 60. Ka7 Qe2 61. Kb7 Qf1 62. Rc8 Kd7 63. Rd8+ Ke7 64. Ra8 Qf3+
65. Ka7 Qf1 66. Rh8 Kd7 67. Kb7 Kd6 68. Rh6+ Kd7 69. Rh7+ Kd6 70. Bc7+ Ke6 71.
Rh6+ Kd7 72. Rd6+ Ke7 73. Rxa6 Qb5+ 74. Bb6 Qd7+ 75. Kb8 Qd6+ 76. Kb7 Qd7+ 77.
Kb8 Qd6+ 1/2-1/2

[Event "20. Open Ciutat de Montcada 2010"]
[Site "Montcada i Reixac ESP"]
[Date "2012.06.29"]
[Round "5.15"]
[White "Del Rio De Angelis, Salvador G"]
[Black "Valdes, Leonardo"]
[Result "1-0"]
[WhiteElo "2542"]
[BlackElo "2375"]
[PlyCount "79"]
[EventDate "2012.06.25"]
[EventType "swiss"]
[EventRounds "9"]
[EventCountry "ESP"]
[Source "lmi"]
[SourceDate "2012.06.25"]

1. d4 Nf6 2. c4 g6 3. Nc3 Bg7 4. e4 d6 5. Nf3 O-O 6. Be2 c5 7. d5 e6 8. O-O
exd5 9. cxd5 Bg4 10. Bg5 Bxf3 11. Bxf3 Nbd7 12. Be2 a6 13. a4 Re8 14. Qc2 Qc7
15. b3 Rac8 16. a5 c4 17. bxc4 Nc5 18. f3 Nfd7 19. Ra2 b6 20. axb6 Nxb6 21. Kh1
Nbd7 22. Nd1 Rb8 23. Ra3 Rb7 24. Bd2 Reb8 25. Ba5 Qc8 26. f4 Rb2 27. Nxb2 Rxb2
28. Qd1 Nxe4 29. Be1 Ndc5 30. f5 Qb7 31. Bd3 gxf5 32. Rxf5 Qe7 33. Rf1 f5 34.
Rxf5 Nxd3 35. Rxd3 Re2 36. Rf1 a5 37. Qxe2 Ng3+ 38. Rxg3 Qxe2 39. Kg1 Kh8 40.
Bc3 1-0